| 000 | 00969nam a22002537a 4500 | ||
|---|---|---|---|
| 999 |
_c9526 _d9526 |
||
| 003 | AR-CdUCM | ||
| 008 | 190328b ||||| |||| 00| 0 spa d | ||
| 040 |
_aMUNICIPALIDAD PROVINCIAL DEL CUSCO _cBIBLIOTECA MUNICIPAL DEL CUSCO |
||
| 041 | _heng | ||
| 082 |
_a930 / _bM97 / 1945 |
||
| 100 |
_aMurdock, George Peter _925790 |
||
| 245 | _aNuestros Contemporáneos Primitivos / | ||
| 260 |
_aMéxico : _bFondo de Cultura Económica, _c1945. |
||
| 300 |
_a521 páginas ; _bfiguras, _c21 cm. |
||
| 440 |
_aSección de obras de Antropología. _916803 |
||
| 505 | _aContenido: Los Tasmanianos -- Los Aranda del centro de Australia -- Los samoanos -- Los Semang de la península malaya -- Los toda del sur de la India -- Los Kazacos del Asia Central ... | ||
| 650 |
_aHistoria _9136 |
||
| 650 |
_aAsia _93888 |
||
| 650 |
_aMundo antiguo _925791 |
||
| 650 |
_aLatinoamérica _94398 |
||
| 700 |
_aOrtiz, Teodoro (traducción) _925792 |
||
| 942 |
_2ddc _cLIBROS |
||
| 945 | _aachl | ||